Discrete Mathematics for Computing / (Record no. 217998)
[ view plain ]
| 000 -LEADER | |
|---|---|
| fixed length control field | 00937 a2200193 4500 |
| 003 - CONTROL NUMBER IDENTIFIER | |
| control field | Nust |
| 005 - DATE AND TIME OF LATEST TRANSACTION | |
| control field | 20230704114608.0 |
| 022 ## - INTERNATIONAL STANDARD SERIAL NUMBER | |
| International Standard Serial Number | 0333981111 |
| 040 ## - CATALOGING SOURCE | |
| Transcribing agency | Nust |
| 082 ## - DEWEY DECIMAL CLASSIFICATION NUMBER | |
| Classification number | 511,GRO |
| 100 ## - MAIN ENTRY--PERSONAL NAME | |
| Personal name | Grossman, Peter |
| 9 (RLIN) | 113292 |
| 245 ## - TITLE STATEMENT | |
| Title | Discrete Mathematics for Computing / |
| Statement of responsibility, etc. | Peter Grossman |
| 250 ## - EDITION STATEMENT | |
| Edition statement | 2nd Edition |
| 260 ## - PUBLICATION, DISTRIBUTION, ETC. | |
| Place of publication, distribution, etc. | Palgrave Macmillan |
| Name of publisher, distributor, etc. | China |
| Date of publication, distribution, etc. | 2002 |
| 300 ## - PHYSICAL DESCRIPTION | |
| Extent | xv, 301 p |
| 505 ## - FORMATTED CONTENTS NOTE | |
| Formatted contents note | Introduction to algorithms (Page-1), Bases and number representation (Page-10), Computer representation and arithmetic (Page-28), Logic (Page-44), Sets and relations (Page-72), Functions (Page-94), Induction and recursion (Page-110), Boolean algebra and digital circuits (Page-138), Cobinatorics (Page-163), Introduction to graph theory (Page-174), Trees (Page-200), Number theory (Page-217), Algorithms and computational complexity (Page-242), |
| 650 ## - SUBJECT ADDED ENTRY--TOPICAL TERM | |
| Topical term or geographic name entry element | Discrete Mathematics for Computing |
| 9 (RLIN) | 113293 |
| 942 ## - ADDED ENTRY ELEMENTS (KOHA) | |
| Source of classification or shelving scheme | |
| Koha item type | Book Bank |
| Withdrawn status | Lost status | Source of classification or shelving scheme | Damaged status | Not for loan | Permanent Location | Current Location | Shelving location | Date acquired | Full call number | Barcode | Date last seen | Price effective from | Koha item type | Public note |
|---|---|---|---|---|---|---|---|---|---|---|---|---|---|---|
| Military College of Signals (MCS) | Military College of Signals (MCS) | General Stacks | 12/12/2016 | 511,GRO | MCS30646 | 12/08/2016 | 12/12/2016 | Book | Almirah No.82, Shelf No.2 |
